Stati per produzione di fragole - Statistics

Statistiche generali
  • Questo quiz è stato fatto 15 volte
  • Il punteggio medio è 14 su 15
Statistiche sulle risposte
Continente Produzione (tonnellate) Stato % Corretto
Asia 3 801 865 Cina
100%
Africa 464 985 Egitto
100%
Europa 143 221 Germania
100%
Europa 131 436 Italia
100%
America del Nord 468 248 Messico
100%
Asia / Europa 197 523 Russia
100%
Europa 366 161 Spagna
100%
America del Nord 1 420 570 Stati Uniti
100%
Asia / Europa 415 150 Turchia
100%
Africa 136 856 Marocco
93%
Europa 196 972 Polonia
93%
Asia 159 000 Giappone
86%
Asia 196 122 Corea del Sud
79%
Europa 118 179 Regno Unito
79%
Europa 87 436 Bielorussia
43%
Nessun quiz corrispondente trovato
Distribuzione punteggi
Percentuale di utenti per punteggio
Percentile per numero di risposta
I tuoi punteggi nel tempo
Non hai fatto questo quiz